000 00530nam a2200181Ia 4500
999 _c14783
_d14783
003 OSt
005 20201019132223.0
008 190216s9999||||xx |||||||||||||| ||und||
020 _a9780192801821
040 _coclc
082 _a325.3
_bYOU/P
100 _aYoung, Robert J
_95928
245 0 _aPostcolonialism A Very Short Introduction /
_cRobert J Young
260 _bOxford University Press,
_c2003.
_aNew York:
300 _a178p
650 _aEnglish
942 _cBK
_2ddc
_h325.3
_iYOU/P
_k325.3
_mYOU/P